<?xml version="1.0" encoding="UTF-8"?>
<record
    xmlns:xsi="http://www.w3.org/2001/XMLSchema-instance"
    xsi:schemaLocation="http://www.loc.gov/MARC21/slim http://www.loc.gov/standards/marcxml/schema/MARC21slim.xsd"
    xmlns="http://www.loc.gov/MARC21/slim">

  <leader>00770nam a22001937a 4500</leader>
  <controlfield tag="005">20250213122448.0</controlfield>
  <datafield tag="010" ind1=" " ind2=" ">
    <subfield code="a">HIN-129438</subfield>
  </datafield>
  <datafield tag="020" ind1=" " ind2=" ">
    <subfield code="c">650.00</subfield>
    <subfield code="a">9789395116817</subfield>
  </datafield>
  <datafield tag="035" ind1=" " ind2=" ">
    <subfield code="a">HN-101784</subfield>
  </datafield>
  <datafield tag="037" ind1=" " ind2=" ">
    <subfield code="b">DBAD</subfield>
  </datafield>
  <datafield tag="082" ind1=" " ind2=" ">
    <subfield code="a">342.54</subfield>
  </datafield>
  <datafield tag="100" ind1=" " ind2=" ">
    <subfield code="a">&#x92C;&#x938;&#x941; , &#x926;&#x941;&#x930;&#x94D;&#x917;&#x93E; &#x926;&#x93E;&#x938; </subfield>
    <subfield code="9">77553</subfield>
  </datafield>
  <datafield tag="245" ind1=" " ind2=" ">
    <subfield code="a">&#x92D;&#x93E;&#x930;&#x924; &#x915;&#x93E; &#x938;&#x902;&#x935;&#x93F;&#x927;&#x93E;&#x928; :</subfield>
    <subfield code="c">&#x926;&#x941;&#x930;&#x94D;&#x917;&#x93E; &#x926;&#x93E;&#x938; &#x92C;&#x938;&#x941; </subfield>
    <subfield code="b">&#x90F;&#x915; &#x92A;&#x930;&#x93F;&#x91A;&#x92F; /</subfield>
  </datafield>
  <datafield tag="250" ind1=" " ind2=" ">
    <subfield code="a">1</subfield>
  </datafield>
  <datafield tag="260" ind1=" " ind2=" ">
    <subfield code="a">&#x917;&#x941;&#x930;&#x941;&#x917;&#x94D;&#x930;&#x93E;&#x92E; , &#x939;&#x930;&#x93F;&#x92F;&#x93E;&#x923;&#x93E; </subfield>
    <subfield code="b">LexisNexis</subfield>
    <subfield code="c">2024</subfield>
  </datafield>
  <datafield tag="270" ind1=" " ind2=" ">
    <subfield code="a">14th floor, building No. 10, Tower-B,DLF Cyber City, Phase-2</subfield>
    <subfield code="b">Gurgaon</subfield>
    <subfield code="e">122002</subfield>
    <subfield code="k">1244774444,1244774100</subfield>
  </datafield>
  <datafield tag="300" ind1=" " ind2=" ">
    <subfield code="a">693&#x92A;&#x943;.</subfield>
    <subfield code="b">24&#x938;&#x947;.&#x92E;&#x940;.(&#x905;&#x91C;&#x93F;&#x932;&#x94D;&#x926;)</subfield>
  </datafield>
  <datafield tag="942" ind1=" " ind2=" ">
    <subfield code="2">ddc</subfield>
    <subfield code="c">HN</subfield>
    <subfield code="h">342.54</subfield>
    <subfield code="m">&#x92C;&#x938;&#x941;&#x926;&#x941;</subfield>
  </datafield>
  <datafield tag="999" ind1=" " ind2=" ">
    <subfield code="c">209030</subfield>
    <subfield code="d">209030</subfield>
  </datafield>
  <datafield tag="952" ind1=" " ind2=" ">
    <subfield code="0">0</subfield>
    <subfield code="1">0</subfield>
    <subfield code="4">0</subfield>
    <subfield code="7">1</subfield>
    <subfield code="8">REF</subfield>
    <subfield code="a">L</subfield>
    <subfield code="b">L</subfield>
    <subfield code="d">2025-02-13</subfield>
    <subfield code="e">DBAD</subfield>
    <subfield code="g">650.00</subfield>
    <subfield code="l">0</subfield>
    <subfield code="o">342.54 &#x92C;&#x938;&#x941;&#x926;&#x941;</subfield>
    <subfield code="p">HN-101784</subfield>
    <subfield code="r">2025-02-13 00:00:00</subfield>
    <subfield code="t">1</subfield>
    <subfield code="v">650.00</subfield>
    <subfield code="w">2025-02-13</subfield>
    <subfield code="y">HN</subfield>
  </datafield>
</record>
